Plans de mobilitat urbana : reflexions i criteris d'elaboració : volum I reflexions i criteris d'elaboració :

Descripció física: 110 p. : il. col. , gràfics, quadres, taules ; 29 cm

MARC

LEADER 00000nam a2200000Ia 4500
001 23795
008 160829s2010 xx 000 0 cat d
080 |a Bib-44 
245 |a Plans de mobilitat urbana :  |b  reflexions i criteris d'elaboració :  |b  volum I 
260 |a Barcelona :  |b Diputació de Barcelona. Àrea de Cultura. Centre d'Estudis i Recursos Culturals (CERC),  |c 2010 
300 |a 110 p. :  |b  il. col. , gràfics, quadres, taules ;  |c 29 cm 
610 1 0 |a Barcelona (Catalunya : Província).  |b Centre d'Estudis i Recursos Culturals  |9 52487 
710 1 |a Barcelona (Catalunya : Província).  |b Centre d'Estudis i Recursos Culturals  |9 52487 
901 |a Arxiu 
942 |n 1 
952 |0 0  |1 0  |4 0  |6 BIB44  |7 1  |9 55926  |a Arxiu  |b Arxiu  |d 2016-12-01  |l 0  |o Bib-44  |p 23795  |r 2016-12-01 00:00:00  |w 2016-12-01  |y ARXIU 
999 |c 59799  |d 59799